Anales de Tlatelolco (notice nᵒ 8325)
[ vue normale ]
| 000 -Sello discográfico | |
|---|---|
| campo de control de longitud fija | 01051nam a2200337 4500 |
| 005 - Identificación de versión | |
| campo de control | 20251017062825.0 |
| 010 ## - Número Estándar Internacional de Libros (ISBN) | |
| Número (ISBN) | 970-35-0507-4 |
| 099 ## - fechas locales | |
| Tipo de ítem Koha | LIBRO |
| 100 ## - Datos de procesamiento general | |
| Datos de procesamiento general | 20021003d2004 m y1spay5003 ba |
| 101 ## - Idioma del recurso | |
| Idioma del texto, banda sonora, etc. | Español; Castellano |
| Idioma de la obra original | Lenguas náhuatl |
| 105 ## - Campo de datos codificados: Material textual, monográfico | |
| Datos codificados de monografía | y 001zy |
| 200 1# - Título y mención de responsabilidad | |
| Título propio | Anales de Tlatelolco |
| Designación general del material | texto impreso |
| Primer mención de responsabilidad | Paleografía y traducción Rafael Tena |
| 205 ## - Declaración de edición | |
| Declaración de edición | 1a ed |
| 210 ## - Publicación, distribución, etc. | |
| Lugar de publicación, distribución, etc. | México |
| Nombre del editor, distribuidor, etc. | Consejo Nacional para la Cultura y las Artes |
| Fecha de publicación, distribución, etc. | 2004 |
| 215 ## - Descripción física | |
| Designación de material específico y extensión del ítem | 207 p |
| Dimensiones | 21 cm |
| 300 ## - Notas generales | |
| Texto de la nota | Incluye bibliografía, glosario, índice de antropónimos e índice de topónimos |
| 345 ## - Nota de información de adquisición | |
| Fuente de adquisición/dirección de la suscripción [OBSOLETO] | Donación |
| 410 #1 - Series | |
| Título | Cien de México |
| 607 ## - Nombre geográfico utilizado como tema | |
| Elemento de entrada | México |
| Subdivisión temática | Historia |
| Subdivisión cronológica | Conquista, 1519-1540 |
| Número Koha | 453 |
| 607 ## - Nombre geográfico utilizado como tema | |
| Elemento de entrada | México |
| Subdivisión temática | Historia |
| Subdivisión cronológica | Hasta 1519 |
| Número Koha | 127 |
| 607 ## - Nombre geográfico utilizado como tema | |
| Elemento de entrada | Tlatelolco, México (Ciudad) |
| Número Koha | 527 |
| 660 ## - Código de área geográfica | |
| Código | MX |
| 702 ## - Nombre personal - Responsabilidad secundaria | |
| Elemento de entrada | Tena |
| Parte del nombre distinta del elemento de entrada | Rafael |
| Número Koha | 14231 |
| 801 #0 - Fuente de origen | |
| Agencia | cm |
| 900 ## - | |
| -- | 1/2620 |
| 900 ## - | |
| -- | 7100214408\031002 |
| 942 ## - ELEMENTOS DE ENTRADA SECUNDARIOS (KOHA) | |
| Tipo de ítem Koha | Livre |
| 996 ## - | |
| -- | MEX |
| -- | 751145101 |
| -- | MMAG |
| -- | 002769 |
| -- | 972 C569 V.88 |
| -- | 20200907LIV |
| Estatus retirado | Estado de daño | Estado de pérdida | Fecha de adquisición | Biblioteca de origen | Biblioteca actual | Ubicación en estantería | Código de barras | Precio de reemplazo | Signatura topográfica completa | No para préstamo | Tipo de ítem Koha | Nota pública | Nota no pública |
|---|---|---|---|---|---|---|---|---|---|---|---|---|---|
| 05/08/2025 | Casa México Paris | Casa México Paris | 002769 | 05/08/2025 | 972 C569 V.88 | Livre | 20200907LIV | 751145101 |